Catálogo
 En Linea
Vista normal Vista MARC

Entrada Nombre personal

Número de registros utilizados en: 2

001 - NÚMERO DE CONTROL

  • campo de control: 79737

003 - IDENTIFICADOR DEL NÚMERO DE CONTROL

  • campo de control: DO-SdBNP

005 - FECHA Y HORA DE LA ÚLTIMA TRANSACCIÓN

  • campo de control: 20240626204437.0

008 - DATOS DE LONGITUD FIJA

  • campo de control de longitud fija: 210903|| aca||aabn | a|a d

040 ## - FUENTE DE LA CATALOGACIÓN

  • Centro catalogador/agencia de origen: DO-SdBNP
  • Lengua de catalogación: spa
  • Centro/agencia transcriptor: BNPHU
  • Normas de descripción: rda

100 1# - ENCABEZAMIENTO-NOMBRE DE PERSONA

  • Nombre de persona: Cortés Robles, Agustín,
  • Fechas asociadas al nombre: 1957-

370 ## - LUGAR ASOCIADO

  • Lugar de nacimiento: Santo Domingo

372 ## - CAMPO DE ACTIVIDAD

  • Campo de actividad: Presidente de la Asociación de Profesores en la Facultad de Artes , 2006-2008

374 ## - OCUPACIÓN

  • Ocupación: Cineasta
  • Ocupación: Profesor universitario

400 1# - TRAZADO DE VÉASE--NOMBRE DE PERSONA

  • Nombre de persona: Cortés R., Agustín,

400 1# - TRAZADO DE VÉASE--NOMBRE DE PERSONA

  • Nombre de persona: Robles, Agustín Cortés,

670 ## - FUENTE DE DATOS ENCONTRADOS

  • Cita de la fuente: Work cat.: (DO-SdBNP): Cortés Robles, Agustín, 1957-, Diálogos multidisciplinarios del Cine dominicano /, 2021.

670 ## - FUENTE DE DATOS ENCONTRADOS

  • Cita de la fuente: Cortes Robles, Agustín,. El discurso político para edificar la nación. - 2a.ed. Santo Domingo : Generación 50, 2024

Con tecnología Koha